000
00374nam a2200181Ia 4500
003
0STCL
008
150530s9999 xx 000 0 und d
040
_a
STCL
_c
STCL
100
_a
Krishnaunni, N.D.
245
_a
Sakshathkaram
250
_a
1
260
_c
1964
300
_a
0
546
_a
Malayalam
942
_2
ddc
_c
BK
999
_c
48304
_d
48304
005
20220125170740.0